|
|
|
|
| LEADER |
00860nam a2200241 a 4500 |
| 001 |
GR-MES1423 |
| 008 |
991111s1995 gr 000 b eng d |
| 020 |
|
|
|a 0256136408
|
| 040 |
|
|
|a GrPaTEI
|b gre
|c GR-PaULI
|
| 245 |
0 |
0 |
|a Management information systems :
|b The manager's view.
|
| 250 |
|
|
|a 3rd
|
| 260 |
|
|
|a Chicago :
|b Irwin,
|c 1995
|
| 300 |
|
|
|a xxiv, 797σελ. :
|b εικ.,πιν.
|
| 650 |
|
4 |
|a Μάνατζμεντ
|
| 650 |
|
4 |
|a Πληροφοριακά συστήματα
|
| 700 |
1 |
|
|a Bock, D.
|
| 700 |
1 |
|
|a Schultheis, R.
|
| 700 |
1 |
|
|a Sumner, M.
|
| 710 |
0 |
|
|a Irwin
|
| 942 |
|
|
|2 ddc
|
| 952 |
|
|
|0 0
|1 0
|2 ddc
|4 0
|6 658_400000000000000_038_SCH
|7 0
|9 265621
|a MSLG
|b MSLG
|c BSC
|d 2021-01-17
|e 24
|f 0
|g 0.00
|l 0
|o 658.4 038 SCH
|p 2420000007323
|r 2021-01-17 00:00:00
|t 1
|w 2021-01-17
|y BK15
|x 19991111 0 1
|x GrPaTEI
|
| 971 |
|
|
|a .b25724654
|b 15-04-20
|c 13-09-16
|
| 999 |
|
|
|c 152676
|d 152676
|